|
|
|
|
| LEADER |
00000nab a2200000 a 4500 |
| 001 |
vtls009346414 |
| 003 |
SK-MaSNL |
| 005 |
20260304160135.0 |
| 008 |
250507c2007 xo |||||| ab ||00 b|slo |
| 015 |
|
|
|a SNBRA2008/10
|2 snkbucl
|
| 035 |
|
|
|a (uuid)8588aedd-2e41-48cc-9b81-d29a4c022fae
|
| 035 |
|
|
|a urn:nbn:sk:snk-abc47x
|
| 035 |
|
|
|a (urnnbn)urn:nbn:sk:snk:ar-000geg
|
| 038 |
|
|
|a SNKBUCL
|
| 040 |
|
|
|a SNKBUCL
|b slo
|c SNKBUCL
|e AACR2
|
| 041 |
0 |
|
|a slo
|b ger
|
| 044 |
|
|
|a xo
|c SK
|
| 080 |
|
|
|a 903.21
|x (437.6)
|x "962"
|2 2001
|
| 080 |
|
|
|a 902.2
|x (437.6)
|2 2001
|
| 245 |
0 |
0 |
|a Paleolitický artefakt z Bratislavy - Ružinova
|c Dušan Thurzo
|
| 300 |
|
|
|b Obr.
|
| 504 |
|
|
|a Literatúra
|
| 546 |
|
|
|a Res. nem.
|
| 650 |
0 |
7 |
|a štiepaná kamenná industria
|2 snkbucl
|9 98236
|
| 650 |
0 |
7 |
|a paleolit
|2 snkbucl
|9 82113
|
| 650 |
0 |
7 |
|a archeologické nálezy
|2 snkbucl
|9 4975
|
| 651 |
|
7 |
|a Ružinov (Bratislava II, Slovensko)
|2 snkbucl
|9 31676
|
| 773 |
0 |
|
|t Zborník Slovenského národného múzea. Archeológia 17. Ročník CI - 2007
|d Bratislava : Slovenské národné múzeum-Archeologické múzeum, 2007
|g S. 231-234
|z 9788080602123
|
| 850 |
|
|
|a Slovenská národná knižnica
|
| 852 |
|
|
|a Slovenská národná knižnica
|
| 954 |
|
|
|a odborná, vedecká literatúra pôvodná (slovenská)
|2 lita
|
| 958 |
|
|
|a article15
|
| 958 |
|
|
|a OND
|
| 958 |
|
|
|a NB
|
| 958 |
|
|
|a EUIPO
|
| 999 |
|
|
|c 2965691
|d 2967621
|